[Event "?"]
[Site "Bern op"]
[Date "1995.??.??"]
[Round "4"]
[White "Haas, Carmi"]
[Black "Suetin, Alexey"]
[Result "0-1"]
[WhiteElo "2230"]
[BlackElo "2430"]

1.c4 e5 2.Nc3 Nc6 3.Nf3 g6 4.g3 Bg7 5.Bg2 d6 6.O-O f5 7.d3 Nf6 8.Bg5 h6
9.Bxf6 Qxf6 10.e3 O-O 11.Nd2 Kh8 12.Nd5 Qf7 13.b4 Nd8 14.b5 c6
15.bxc6 bxc6 16.Nb4 Qc7 17.Qa4 a5 18.Rab1 Bd7 19.c5 d5 20.Nc2 Ne6
21.d4 g5 22.Nf3 e4 23.Ne5 Bxe5 24.dxe5 Nxc5 25.Qa3 Nd3 26.e6 Bxe6
27.Nd4 Bd7 28.f3 c5 29.Nb5 Qe5 30.fxe4 dxe4 31.Nc3 Bc6 32.Qb3 Rab8
33.Qc4 Rb4 34.Rxb4 axb4 35.Nxe4 Rd8 36.Qa6 Qe6 37.Nf2 Nxf2 38.Bxc6 Ng4
39.Re1 Ne5 40.Qa5 Nxc6 0-1

[Event "?"]
[Site "Bern op"]
[Date "1995.??.??"]
[Round "4"]
[White "Kuzmin, Gennadi"]
[Black "Mueller, Leo"]
[Result "1/2-1/2"]
[WhiteElo "2545"]
[BlackElo "2235"]

1.e4 c5 2.Nf3 d6 3.d4 cxd4 4.Nxd4 Nf6 5.Nc3 g6 6.Be2 Bg7 7.O-O O-O
8.Bg5 Nc6 9.Nb3 Be6 10.Kh1 a6 11.f4 b5 12.Bf3 b4 13.Nd5 a5 14.f5 Bxd5
15.exd5 Ne5 16.Nd4 Qb6 17.fxg6 hxg6 18.Nc6 Nxc6 19.dxc6 Rfd8 20.Qe2 d5
21.Qxe7 Qxc6 22.Rad1 Rd7 23.Qe2 Ne4 24.Bxe4 1/2-1/2

[Event "?"]
[Site "Bern op"]
[Date "1995.??.??"]
[Round "4"]
[White "Meijers, Viesturs"]
[Black "Gheorghiu, Florin"]
[Result "0-1"]
[WhiteElo "2360"]
[BlackElo "2475"]

1.e4 c5 2.Nf3 e6 3.d4 cxd4 4.Nxd4 a6 5.Bd3 Nf6 6.Nc3 d6 7.O-O Be7
8.f4 Nbd7 9.Kh1 O-O 10.Qe1 Nc5 11.Nf3 b5 12.e5 Nxd3 13.cxd3 dxe5
14.fxe5 Ne8 15.d4 Bb7 16.Ne4 Qd5 17.Bg5 Bxg5 18.Nexg5 h6 19.Nh3 Rc8
20.Nf4 Qe4 21.Qg3 Qf5 22.Rf2 Nc7 23.h4 Nd5 24.Nh2 Nxf4 25.Rxf4 Qh5
26.Ng4 Kh8 27.Ne3 Qg6 28.Rg4 Qh7 29.Rf1 Be4 30.h5 Bd3 31.Rf2 Rcd8
32.Rgf4 Qg8 33.Qf3 Bb1 34.a3 Rd7 35.d5 exd5 36.e6 Be4 37.Qd1 Re7
38.Nxd5 Rxe6 39.Nc7 Re5 40.Qd4 Rxh5+ 41.Kg1 Bg6 42.g4 Rh3 43.Rg2 Rd3
44.Qb6 Rb8 45.Qxa6 Qd8 0-1

[Event "?"]
[Site "Bern op"]
[Date "1995.??.??"]
[Round "4"]
[White "Muco, Fatos"]
[Black "Kindermann, Stefan"]
[Result "1/2-1/2"]
[WhiteElo "2430"]
[BlackElo "2585"]

1.Nf3 Nf6 2.c4 c5 3.Nc3 Nc6 4.g3 d5 5.cxd5 Nxd5 6.Bg2 Nc7 7.O-O e5
8.d3 Be7 9.Nd2 Bd7 10.Nc4 f6 11.f4 b5 12.Ne3 exf4 13.gxf4 Rb8 14.Ncd5 O-O
15.Nxc7 Qxc7 16.Nd5 Qd8 17.f5 Nd4 18.Be4 Bc6 19.Nf4 Bxe4 20.dxe4 Bd6
21.Nd5 Qe8 22.Qd3 Qh5 23.Rf2 Rfe8 24.Bf4 Rbd8 25.e3 Nf3+ 26.Kh1 1/2-1/2

[Event "?"]
[Site "Bern op"]
[Date "1995.??.??"]
[Round "4"]
[White "Polak, Tomas"]
[Black "Shneider, Aleksandr"]
[Result "1/2-1/2"]
[WhiteElo "2420"]
[BlackElo "2530"]

1.d4 Nf6 2.c4 e6 3.Nf3 b6 4.g3 Ba6 5.b3 Bb4+ 6.Bd2 Be7 7.Bg2 c6 8.O-O d5
9.Ne5 Nfd7 10.Nxd7 Nxd7 11.Bc3 O-O 12.Nd2 Rc8 13.e4 b5 14.Re1 dxe4
15.Bxe4 bxc4 16.bxc4 c5 17.d5 exd5 18.Bxd5 Bf6 19.Ne4 Bxc3 20.Nxc3 Nb6
21.Qg4 Qf6 22.Rac1 Qd4 23.Re4 Qd2 24.Qf4 Qxf4 25.Rxf4 1/2-1/2

[Event "?"]
[Site "Bern op"]
[Date "1995.??.??"]
[Round "4"]
[White "Razuvaev, Yuri"]
[Black "Pavasovic, Dusco"]
[Result "1/2-1/2"]
[WhiteElo "2580"]
[BlackElo "2440"]

1.d4 d5 2.c4 e6 3.Nf3 c6 4.Qc2 Bd6 5.Bg5 f6 6.Bh4 Ne7 7.Bg3 f5 8.e3 Bxg3
9.hxg3 Nd7 10.Nbd2 Ng6 11.cxd5 cxd5 12.g4 O-O 13.Bd3 Nb6 14.a4 Bd7
15.gxf5 exf5 16.Qb3 Be6 17.O-O Qe7 18.Rfc1 Nc8 19.Ne5 Nxe5 20.dxe5 Nb6
21.Qd1 f4 22.exf4 Rxf4 23.a5 Nd7 24.Qe2 1/2-1/2

[Event "?"]
[Site "Bern op"]
[Date "1995.??.??"]
[Round "4"]
[White "Sher, Miron"]
[Black "Kaenel, Hansjuerg"]
[Result "1-0"]
[WhiteElo "2510"]
[BlackElo "2375"]

1.c4 e6 2.g3 d5 3.Bg2 dxc4 4.Qa4+ Nd7 5.Qxc4 Ngf6 6.d3 c5 7.Nf3 a6
8.Qb3 Be7 9.a4 O-O 10.a5 Nd5 11.O-O Nb8 12.Nbd2 Nc6 13.Nc4 Bd7 14.e4 Ndb4
15.Be3 Rc8 16.Rfd1 Be8 17.d4 cxd4 18.Nxd4 Qc7 19.Nxc6 Qxc6 20.Nb6 Qc2
21.Qxc2 Rxc2 22.Nd7 Bxd7 23.Rxd7 Bf6 24.Rxb7 Rxb2 25.Rc1 h6 26.Bf1 Nd3
27.Rxb2 Nxb2 28.Bxa6 Na4 29.Bb7 Nc3 30.Rxc3 Bxc3 31.a6 f5 32.a7 g5
33.a8=Q Rxa8 34.Bxa8 Kf7 35.Kf1 Kf6 36.Ke2 1-0

[Event "?"]
[Site "Bern op"]
[Date "1995.??.??"]
[Round "4"]
[White "Suba, Mihai"]
[Black "Krueger, Erich"]
[Result "1-0"]
[WhiteElo "2475"]
[BlackElo "2230"]

1.c4 Nf6 2.Nc3 g6 3.e4 d6 4.d4 Bg7 5.h3 O-O 6.Bd3 e5 7.d5 Na6 8.Nge2 c6
9.Be3 cxd5 10.cxd5 Nc5 11.Bc2 a5 12.a3 Bd7 13.b4 axb4 14.axb4 Rxa1
15.Qxa1 Na6 16.Qa3 Qc8 17.Kd2 Ne8 18.Rc1 f5 19.f3 fxe4 20.fxe4 Qd8
21.Bd3 Qh4 22.Bxa6 bxa6 23.Qxa6 Bh6 24.Qa7 Qf2 25.Rg1 Nc7 26.Kd3 Bxe3
27.Qxe3 Qf7 28.Qb6 Rc8 29.Ra1 Qf8 30.Ra7 Bb5+ 31.Nxb5 Nxb5 32.Qxb5 Qf1
33.Qd7 Qd1+ 34.Ke3 1-0

[Event "?"]
[Site "Bern op"]
[Date "1995.??.??"]
[Round "4"]
[White "Summermatter, Daniel"]
[Black "Bellon, Juan"]
[Result "1/2-1/2"]
[WhiteElo "2345"]
[BlackElo "2480"]

1.d4 Nf6 2.c4 e5 3.dxe5 Ne4 4.Nf3 Bb4+ 5.Nbd2 Nc6 6.a3 Nxd2 7.Bxd2 Bxd2+
8.Qxd2 Qe7 9.Qc3 b6 10.e3 Bb7 11.Be2 O-O-O 12.O-O-O g5 13.h3 h5
14.Bd3 Rhe8 15.Be4 Nxe5 16.Bxb7+ Kxb7 17.Nxe5 Qxe5 18.Qxe5 Rxe5 19.Rd4 d6
20.Rhd1 Rf5 21.R1d2 Re8 22.Rd5 Ree5 23.Rxe5 Rxe5 24.Rd5 1/2-1/2

[Event "?"]
[Site "Bern op"]
[Date "1995.??.??"]
[Round "5"]
[White "Almasi, Istvan"]
[Black "Truhn, A"]
[Result "1-0"]
[WhiteElo "2375"]
[BlackElo "2100"]

1.e4 c5 2.Nf3 d6 3.d4 cxd4 4.Nxd4 Nf6 5.Nc3 a6 6.Bc4 e6 7.Bb3 Be7 8.f4 Qc7
9.f5 e5 10.Nde2 b5 11.Bg5 Bb7 12.Bxf6 Bxf6 13.Bd5 Nd7 14.Bxb7 Qxb7
15.Qxd6 Rc8 16.O-O Be7 17.Qd3 Nf6 18.Nd5 Rc4 19.Nxf6+ Bxf6 20.Nc3 Rd4
21.Qe2 Qa7 22.Kh1 O-O 23.Nd5 Bg5 24.Rad1 f6 25.c3 Rxd1 26.Rxd1 g6
27.Rf1 Kg7 28.g3 Qd7 29.Kg2 Qc6 30.Qg4 Rf7 31.h4 Bh6 32.fxg6 hxg6
33.h5 g5 34.Qf5 Kf8 35.Qg6 Bg7 36.h6 Bh8 37.h7 Bg7 38.Rh1 1-0

[Event "?"]
[Site "Bern op"]
[Date "1995.??.??"]
[Round "5"]
[White "Begovac, Franja"]
[Black "Gulko, Boris"]
[Result "1/2-1/2"]
[WhiteElo "2425"]
[BlackElo "2595"]

1.d4 d6 2.c4 e5 3.Nc3 exd4 4.Qxd4 Nf6 5.Nf3 Nc6 6.Qd2 Be6 7.e4 g6
8.Nd4 Nxd4 9.Qxd4 Bg7 10.Bg5 h6 11.Be3 O-O 12.Qd2 Ng4 13.Bd4 Bxd4
14.Qxd4 Qg5 15.h4 Qf4 16.Ne2 Qe5 17.f3 Qa5+ 18.Nc3 Qe5 19.O-O-O Qxd4
20.Rxd4 Ne5 21.Nd5 c5 22.Rd2 Bxd5 23.Rxd5 Rad8 24.Rd2 f5 25.exf5 gxf5
26.f4 Nc6 27.Be2 Nd4 28.Bf3 b6 29.Re1 Rfe8 30.Bd5+ Kg7 31.Kd1 Kf6
32.Bf3 Rg8 33.Re3 Rg3 34.Ke1 Rc8 35.Kf1 Rb8 36.Kf2 Rg7 37.Ra3 Re7
38.Re3 b5 39.Rxe7 Kxe7 40.Bd5 bxc4 41.Bxc4 a5 42.b3 a4 43.Rd3 axb3
44.axb3 Kf6 45.h5 Rb7 46.Rg3 Rg7 47.Re3 Rb7 48.Rg3 Rg7 49.Re3 1/2-1/2

[Event "?"]
[Site "Bern op"]
[Date "1995.??.??"]
[Round "5"]
[White "Ellers, Holger"]
[Black "Suba, Mihai"]
[Result "1/2-1/2"]
[WhiteElo "2355"]
[BlackElo "2475"]

1.d4 Nf6 2.c4 e6 3.g3 c5 4.Nf3 cxd4 5.Nxd4 Qb6 6.Bg2 Bc5 7.e3 Nc6
8.Nb3 Bb4+ 9.Bd2 Ne5 10.Qc2 d5 11.cxd5 Nxd5 12.O-O Bd7 13.Nc3 Nf6
14.Ne4 Rc8 15.Qd1 Nxe4 16.Bxe4 Bxd2 17.Qxd2 Nc4 18.Qd4 Qxd4 19.Nxd4 b6
20.Rfc1 Kd8 21.b3 Nd6 22.Rxc8+ Kxc8 23.Bg2 Kb8 24.Rc1 Rc8 25.Rxc8+ Kxc8
26.f4 Kc7 27.Kf2 a5 28.e4 f6 29.e5 fxe5 30.fxe5 Nf7 31.Bh3 Nxe5
32.Bxe6 Ng4+ 33.Bxg4 Bxg4 34.Ke3 Kd6 35.a3 Kd5 36.Kd3 Bh3 37.Ke3 Bd7
38.Ne2 Kc5 39.Nd4 Bh3 40.Nf3 h6 41.Nd2 Be6 42.Ke4 Bg8 43.Ke5 Bh7
44.Ne4+ Bxe4 45.Kxe4 b5 46.Kd3 Kd5 47.Ke3 h5 48.Kd3 Ke5 49.Ke3 g5
50.h3 Kd5 51.Kd3 Ke5 52.Ke3 Kd5 53.Kd3 Ke5 54.Ke3 Kd5 55.Kd3 1/2-1/2

[Event "?"]
[Site "Bern op"]
[Date "1995.??.??"]
[Round "5"]
[White "Gheorghiu, Florin"]
[Black "Tukmakov, Vladimir"]
[Result "0-1"]
[WhiteElo "2475"]
[BlackElo "2585"]

1.Nf3 Nf6 2.c4 e6 3.d4 b6 4.g3 Ba6 5.b3 Bb4+ 6.Bd2 Be7 7.Nc3 Bb7 8.Bg2 d5
9.cxd5 exd5 10.O-O O-O 11.Ne5 Na6 12.Bc1 Re8 13.Bb2 c5 14.Rc1 Bf8
15.Nd3 Qe7 16.dxc5 bxc5 17.Na4 Ne4 18.e3 Rad8 19.Re1 Qg5 20.Qc2 c4
21.Nf4 Nb4 22.Qd1 Nxa2 23.Ra1 Nb4 24.Bd4 Nc6 25.bxc4 dxc4 26.Qb1 Nb4
27.Rd1 a5 28.Qc1 Qb5 29.Bxe4 Bxe4 30.Nc3 Qa6 31.Nxe4 Rxe4 32.Qb1 Ree8
33.Bc3 Qb5 34.Ne2 Qh5 35.Rxd8 Rxd8 36.Nd4 Qd5 37.Ra4 h5 38.Qa1 Ra8
39.h4 g6 40.Qb1 Rb8 41.Qa1 Ra8 42.Qb1 Rb8 43.Qa1 Nc6 44.Nxc6 Qxc6
45.Qd1 Rb3 0-1

[Event "?"]
[Site "Bern op"]
[Date "1995.??.??"]
[Round "5"]
[White "Gilles, Raphael"]
[Black "Ekstroem, Roland"]
[Result "0-1"]
[WhiteElo "2240"]
[BlackElo "2430"]

1.d4 d5 2.Bg5 c5 3.Nc3 Nc6 4.e3 Nf6 5.Nf3 Bg4 6.Bxf6 gxf6 7.dxc5 e6
8.Be2 Bxc5 9.O-O Bh5 10.e4 dxe4 11.Nxe4 Be7 12.Qc1 Bg6 13.Rd1 Qc7
14.Ng3 f5 15.Qh6 Bf8 16.Qh4 Qe7 17.Qa4 Bg7 18.Nd4 O-O 19.Nxc6 bxc6
20.h4 h6 21.h5 Bh7 22.c3 Rab8 23.Rd2 Rfd8 24.Rad1 Rxd2 25.Rxd2 Qc7
26.Bf3 Rc8 27.Qa6 Bf6 28.Rd6 Qxd6 29.Qxc8+ Kg7 30.Qxc6 Qd2 31.Qb7 f4
32.Nf1 Qe1 33.Qb5 Qb1 34.Qb3 Bc2 0-1

[Event "?"]
[Site "Bern op"]
[Date "1995.??.??"]
[Round "5"]
[White "Kengis, Edvins"]
[Black "Arbakov, Valentin"]
[Result "1/2-1/2"]
[WhiteElo "2575"]
[BlackElo "2500"]

1.e4 c5 2.Nf3 d6 3.d4 cxd4 4.Nxd4 Nf6 5.Nc3 a6 6.f4 e6 7.Qf3 Qc7 8.Be3 b5
9.a3 Bb7 10.Bd3 Nbd7 11.g4 h6 12.h4 g6 13.O-O-O h5 14.g5 Ng4 15.Rhe1 Nxe3
16.Qxe3 O-O-O 17.Kb1 Kb8 18.f5 Re8 19.Qh3 Nc5 20.Bf1 Bc8 21.Qg3 e5
22.Nd5 Qb7 23.Nb3 Nxb3 24.Qxb3 gxf5 25.exf5 Bxf5 26.Bg2 Be6 27.Qg3 Rc8
28.Nb4 Qb6 29.Qf3 d5 30.Nxd5 Qc6 31.Qe4 Bg7 32.Nb4 Qxe4 33.Bxe4 a5
34.Nc6+ Kc7 35.Nxa5 f5 36.gxf6 Bxf6 37.Re3 Rhd8 38.Rxd8 Rxd8 39.Rc3+ Kd7
40.Nb7 Rc8 41.Nc5+ Ke7 1/2-1/2

[Event "?"]
[Site "Bern op"]
[Date "1995.??.??"]
[Round "5"]
[White "Kindermann, Stefan"]
[Black "Dobosz, Henryk"]
[Result "1-0"]
[WhiteElo "2585"]
[BlackElo "2420"]

1.e4 e6 2.d4 d5 3.Nc3 Nf6 4.e5 Ne4 5.Nxe4 dxe4 6.Bc4 c5 7.d5 Nd7
8.dxe6 fxe6 9.Nh3 Nxe5 10.Qh5+ Nf7 11.Ng5 g6 12.Qg4 Ne5 13.Bb5+ Ke7
14.Qh4 Qa5+ 15.Bd2 Qxb5 16.Bc3 Bg7 17.Nxe4+ Kf8 18.O-O-O Nf7
19.Bxg7+ Kxg7 20.Qf6+ Kg8 21.Ng5 1-0

[Event "?"]
[Site "Bern op"]
[Date "1995.??.??"]
[Round "5"]
[White "Maramoros, Carlos"]
[Black "Ammann, Walter"]
[Result "1/2-1/2"]
[WhiteElo "2430"]
[BlackElo "2305"]

1.d4 d5 2.c4 e6 3.Nc3 c6 4.e4 dxe4 5.Nxe4 Bb4+ 6.Bd2 Qxd4 7.Bxb4 Qxe4+
8.Be2 Na6 9.Bc3 Ne7 10.Nf3 f6 11.O-O c5 12.Nd2 Qf4 13.g3 Qc7 14.Ne4 O-O
15.Qd6 b6 16.Rad1 Rb8 17.f4 Nf5 18.Qxc7 Nxc7 19.Rfe1 Bb7 20.Nd6 Nxd6
21.Rxd6 Rf7 22.Red1 Re7 23.Bh5 Kf8 24.Re1 Ne8 25.Rdxe6 Rxe6 26.Rxe6 Rd8
27.Rxe8+ Rxe8 28.Bxe8 1/2-1/2

[Event "?"]
[Site "Bern op"]
[Date "1995.??.??"]
[Round "5"]
[White "Mukhametov, Eldar"]
[Black "Golubovic, Boris"]
[Result "1-0"]
[WhiteElo "2515"]
[BlackElo "2365"]

1.e4 c5 2.Nf3 e6 3.d4 cxd4 4.Nxd4 a6 5.Bd3 Nf6 6.O-O Qc7 7.Qe2 d6 8.c4 g6
9.b3 Bg7 10.Bb2 O-O 11.Nd2 b6 12.a4 Bb7 13.Rac1 Nbd7 14.Rfd1 Nc5
15.Bc2 e5 16.N4f3 Bc6 17.Re1 Qb7 18.Ba3 Nh5 19.g3 Rfe8 20.Rcd1 Bh6
21.Nb1 f5 22.Nc3 Nf6 23.Bxc5 dxc5 24.Rd6 Bg7 25.Ng5 f4 26.Red1 fxg3
27.hxg3 h6 28.Ne6 Bd7 29.Nxg7 Kxg7 30.Nd5 Nxd5 31.exd5 b5 32.axb5 g5
33.Qh5 1-0

[Event "?"]
[Site "Bern op"]
[Date "1995.??.??"]
[Round "5"]
[White "Pernutz, Hans-Gerhard"]
[Black "Zueger, Beat"]
[Result "0-1"]
[WhiteElo "2265"]
[BlackElo "2480"]

1.e4 c5 2.Nf3 Nc6 3.d4 cxd4 4.Nxd4 Nf6 5.Nc3 d6 6.Be2 e5 7.Nb3 Be7
8.O-O O-O 9.Kh1 a5 10.a4 Be6 11.f4 Nb4 12.Nd2 exf4 13.Nf3 d5 14.e5 Ng4
15.Bxf4 Bc5 16.Nd4 Bxd4 17.Bxg4 Nc6 18.Bf3 Rc8 19.Qe1 Nb4 20.Rd1 Nxc2
21.Qg3 Bxc3 22.bxc3 Kh8 23.Be4 dxe4 24.Rxd8 Rfxd8 25.Qf2 Rxc3 26.Qb6 Rdc8
27.h3 e3 28.Rc1 e2 29.Bd2 Rd3 30.Be1 Rd1 31.Qb2 Bf5 32.Kh2 Rxc1
33.Qxc1 Nxe1 34.Qxe1 Bd3 35.Qxa5 h6 36.Kg3 Ba6 37.Qe1 Rd8 0-1

[Event "?"]
[Site "Bern op"]
[Date "1995.??.??"]
[Round "5"]
[White "Raetsky, Aleksander"]
[Black "Breyther, Ruediger"]
[Result "1/2-1/2"]
[WhiteElo "2510"]
[BlackElo "2360"]

1.d4 Nf6 2.c4 e6 3.g3 d5 4.Nf3 Bb4+ 5.Nbd2 O-O 6.Bg2 Nc6 7.O-O Bxd2
8.Bxd2 dxc4 9.Qc2 Nxd4 10.Nxd4 Qxd4 11.Be3 Qg4 12.h3 Qg6 13.Qxc4 c6
14.Rfd1 e5 15.Qb3 Be6 16.Qxb7 Bd5 17.Qa6 Bxg2 18.Kxg2 Nd5 19.Qc4 Rfb8
20.b3 Rb4 21.Qd3 e4 22.Qd2 h5 23.h4 a5 24.Rac1 a4 25.Rc4 Rab8
26.Rxb4 Rxb4 27.bxa4 Rxa4 28.Rb1 1/2-1/2

[Event "?"]
[Site "Bern op"]
[Date "1995.??.??"]
[Round "5"]
[White "Suetin, Alexey"]
[Black "Manievich, Victor"]
[Result "1-0"]
[WhiteElo "2430"]
[BlackElo "2255"]

1.e4 Nc6 2.Nf3 d6 3.d4 Nf6 4.Nc3 Bg4 5.Be3 e6 6.Be2 Be7 7.h3 Bh5 8.d5 exd5
9.exd5 Bxf3 10.Bxf3 Ne5 11.Be2 O-O 12.Qd2 Ned7 13.f4 Nc5 14.Bf3 Qd7
15.O-O Rae8 16.Rfe1 Bd8 17.Bd4 a5 18.g4 b5 19.g5 b4 20.gxf6 bxc3
21.Qg2 g6 22.Bxc3 Na4 23.Bd4 Qf5 24.Qg5 Qxh3 25.Bg2 Qh5 26.Qxh5 gxh5
27.Bh3 Nb6 28.c4 Kh8 29.b3 Rg8+ 30.Kh2 Ref8 31.Bf5 h4 32.Re3 a4
33.Rae1 axb3 34.axb3 Rg6 35.Bxg6 hxg6 36.Rh3 Kg8 37.Rxh4 Nd7 38.Re7 Nc5
39.b4 1-0

[Event "?"]
[Site "Bern op"]
[Date "1995.??.??"]
[Round "5"]
[White "Sziebert, Adam"]
[Black "Gallagher, Joe"]
[Result "0-1"]
[WhiteElo "2330"]
[BlackElo "2515"]

1.e4 c5 2.Nf3 d6 3.d4 cxd4 4.Nxd4 Nf6 5.Nc3 a6 6.f4 Qc7 7.Bd3 Nbd7
8.Nf3 g6 9.O-O Bg7 10.Kh1 b5 11.a3 Bb7 12.Qe1 Nc5 13.Bd2 O-O 14.Qh4 Ncxe4
15.Nxe4 Bxe4 16.Bc3 Bxd3 17.cxd3 Qc5 18.Rae1 Rfe8 19.Ng5 h6 20.Ne4 Nxe4
21.Bxg7 Kxg7 22.dxe4 Qd4 23.f5 g5 24.Qg3 Qxb2 25.e5 Rac8 26.Qe3 Rc3
27.f6+ exf6 28.Qb6 Rf3 0-1

[Event "?"]
[Site "Bern op"]
[Date "1995.??.??"]
[Round "5"]
[White "Wahls, Matthias"]
[Black "Arakhamia, Ketevan"]
[Result "1/2-1/2"]
[WhiteElo "2555"]
[BlackElo "2400"]

1.e4 c5 2.Nf3 Nc6 3.d4 cxd4 4.Nxd4 Nf6 5.Nc3 e5 6.Ndb5 d6 7.Bg5 a6
8.Na3 b5 9.Nd5 Be7 10.Bxf6 Bxf6 11.c3 Bb7 12.Nc2 Bg5 13.a4 bxa4
14.Rxa4 O-O 15.Bc4 Na5 16.Ba2 Bc6 17.Ra3 Bb5 18.Nce3 Rc8 19.Nf5 Nc4
20.Bxc4 Rxc4 21.Ng3 Rc5 22.b3 a5 23.c4 Bc6 24.Nc3 Qb8 25.O-O Qb4
26.Qa1 Bd2 27.Nb1 Bf4 28.Nc3 Bd2 29.Nb1 Bf4 30.Nc3 Bd2 1/2-1/2

[Event "?"]
[Site "Bern op"]
[Date "1995.??.??"]
[Round "5"]
[White "Ziatdinov, Raset"]
[Black "Razuvaev, Yuri"]
[Result "1/2-1/2"]
[WhiteElo "2410"]
[BlackElo "2580"]

1.e4 e5 2.Nf3 Nc6 3.Bb5 a6 4.Ba4 Nf6 5.O-O Be7 6.Re1 b5 7.Bb3 O-O 8.c3 d6
9.h3 Nd7 10.d4 Nb6 11.Nbd2 a5 12.Nf1 exd4 13.cxd4 a4 14.Bc2 Nb4 15.d5 Bf6
16.Bd2 c5 17.dxc6 Nxc6 18.Bc3 Nc4 19.Qd5 Bd7 20.Rad1 Rc8 21.e5 N6xe5
22.Nxe5 Bxe5 23.Bxe5 Nxe5 24.Qxd6 Rxc2 25.Qxe5 Qc7 26.Qd4 1/2-1/2

[Event "?"]
[Site "Bern op"]
[Date "1995.??.??"]
[Round "5"]
[White "Zimmerman, Peter"]
[Black "Lyrberg, Patrik"]
[Result "1-0"]
[WhiteElo "2105"]
[BlackElo "2415"]

1.e4 c5 2.d4 cxd4 3.c3 dxc3 4.Nxc3 Nc6 5.Bc4 e6 6.Nf3 a6 7.O-O Nf6
8.e5 Ng4 9.Bf4 Qc7 10.Qe2 f6 11.Nd5 exd5 12.exf6+ Nce5 13.Nxe5 Nxe5
14.Bxe5 Qxc4 15.Qh5+ g6 16.f7+ Kxf7 17.Qf3+ Kg8 18.Qf6 d6 19.Qxh8+ Kf7
20.Qxh7+ Ke6 21.Bc3 1-0

[Event "?"]
[Site "Bern op"]
[Date "1995.??.??"]
[Round "6"]
[White "Ammann, Walter"]
[Black "Kengis, Edvins"]
[Result "0-1"]
[WhiteElo "2305"]
[BlackElo "2575"]

1.Nf3 Nf6 2.g3 g6 3.Bg2 Bg7 4.O-O O-O 5.c4 d6 6.Nc3 Nc6 7.d3 e5 8.Rb1 h6
9.b4 Be6 10.b5 Ne7 11.a4 Qd7 12.Re1 Nh5 13.Ba3 f5 14.Qc2 b6 15.a5 Rae8
16.Bb2 f4 17.Nd2 Bh3 18.Nd5 Bxg2 19.Nxe7+ Rxe7 20.Kxg2 fxg3 21.fxg3 Qg4
22.e3 Nf6 23.Qd1 Qe6 24.Qe2 Ref7 25.h3 e4 26.Bxf6 exd3 27.Qxd3 Rxf6
28.Re2 bxa5 29.Rb3 Kh8 30.Ra3 Qf7 31.h4 Rf2+ 32.Kg1 h5 33.Re1 Be5
34.e4 Rg2+ 0-1

[Event "?"]
[Site "Bern op"]
[Date "1995.??.??"]
[Round "6"]
[White "Arbakov, Valentin"]
[Black "Chernin, Alexander"]
[Result "1/2-1/2"]
[WhiteElo "2500"]
[BlackElo "2600"]

1.e4 d6 2.d4 Nf6 3.Nc3 g6 4.Nf3 Bg7 5.Be2 O-O 6.O-O Bg4 7.Be3 Nc6 8.d5 Nb8
9.h3 Bxf3 10.Bxf3 c6 11.a4 a5 12.Nb1 Nbd7 13.g3 Nb6 14.Bg2 Qc7
15.Ra2 Rfe8 16.b3 Nfd7 17.c4 Nb8 18.Qd2 N6d7 19.Nc3 Na6 20.Raa1 Ndc5
21.Rab1 e6 22.Rfd1 Rad8 23.Bg5 Rd7 24.h4 Qb6 25.Na2 exd5 26.exd5 Ne4
27.Bxe4 Rxe4 28.Re1 cxd5 29.Qxd5 Rxe1+ 30.Rxe1 h6 31.Re8+ Kh7 32.Re7 Rxe7
33.Bxe7 Kg8 34.Qb5 Qxb5 35.axb5 Nc5 36.Nc1 Bf8 37.Bd8 a4 38.bxa4 Nxa4
39.Nb3 b6 40.Nd4 f5 41.h5 Kf7 42.hxg6+ Kxg6 43.Ne6 Kf7 44.Nf4 Bg7
45.Bc7 Nb2 46.Bxb6 Nxc4 47.Be3 Bf6 48.Nd5 Bd8 49.Bxh6 Ke6 50.Nf4+ Kd7
51.Ne2 Bb6 52.Bg7 Na3 53.Bd4 Ba5 54.b6 Kc6 55.Kg2 Nc4 56.Kf3 Bd2
57.Be3 Bxe3 58.fxe3 Kxb6 59.Nd4 Kc7 60.Nxf5 Kd7 61.Ke4 Ke6 62.Nd4+ Kf6
63.Ne2 Kg5 64.Kd4 Nd2 65.Kd5 Kg4 66.Kxd6 1/2-1/2

[Event "?"]
[Site "Bern op"]
[Date "1995.??.??"]
[Round "6"]
[White "Blatny, Pavel"]
[Black "Hobuss, Udo"]
[Result "1-0"]
[WhiteElo "2485"]
[BlackElo "2355"]

1.Nf3 Nf6 2.b3 g6 3.Bb2 Bg7 4.c4 O-O 5.g3 d6 6.Bg2 e5 7.O-O Re8 8.Nc3 Nbd7
9.d4 e4 10.Ng5 e3 11.fxe3 Bh6 12.Nce4 Nxe4 13.Nxe4 f5 14.Nf2 Bxe3
15.Bc1 Qe7 16.Bf3 Nf6 17.Qd3 c6 18.Bxe3 Qxe3 19.Qxe3 Rxe3 20.Rfe1 Bd7
21.Nd1 Re7 22.Nc3 Rae8 23.Kf2 Kg7 24.Rac1 g5 25.b4 Be6 26.c5 dxc5
27.dxc5 Bd5 28.Red1 Bxf3 29.exf3 Nd5 30.Nxd5 Re2+ 31.Kf1 cxd5 32.Re1 R2e3
33.Rxe3 Rxe3 34.b5 Re7 35.Rd1 Rd7 36.Ke2 Kf6 37.Kd3 d4 38.Kc4 Ke5
39.Re1+ Kf6 40.c6 bxc6 41.bxc6 Rc7 42.Kd5 d3 43.Kd6 Re7 44.Rd1 1-0

[Event "?"]
[Site "Bern op"]
[Date "1995.??.??"]
[Round "6"]
[White "Breyther, Ruediger"]
[Black "Wahls, Matthias"]
[Result "1/2-1/2"]
[WhiteElo "2360"]
[BlackElo "2555"]

1.e4 d5 2.exd5 Qxd5 3.Nc3 Qa5 4.d4 c6 5.Nf3 Nf6 6.Ne5 Bf5 7.Bd3 Bxd3
8.Qxd3 e6 9.O-O Nbd7 10.Qg3 Qc7 11.Re1 g6 12.Nxd7 Qxd7 13.Qf3 Be7
14.Bh6 Qxd4 15.Bg7 Rg8 16.Re4 Qd8 17.Bxf6 Bxf6 18.Rd1 Qe7 19.Re3 Bxc3
20.Rxc3 Rd8 21.Rcd3 Rxd3 22.Qxd3 a6 23.c4 c5 24.Qe3 Kf8 25.Qh6+ Rg7
26.Qe3 f6 27.b4 cxb4 28.c5 Rf7 29.Rd6 e5 30.h4 a5 31.h5 gxh5 32.Qh6+ Kg8
33.Qxh5 e4 34.Qh6 a4 35.Qe3 Qe5 36.Rd4 b3 37.axb3 axb3 38.Rd8+ Kg7
39.Qxb3 Qxc5 40.Ra8 Qc1+ 41.Kh2 Qh6+ 42.Kg1 Qc1+ 43.Kh2 Qc7+ 44.Kg1 Qf4
45.Qe6 Qc1+ 46.Kh2 Qh6+ 47.Kg1 Qc1+ 48.Kh2 Qc7+ 49.Kg1 f5 50.Qb3 Qc1+
51.Kh2 Qh6+ 52.Kg1 Qc1+ 53.Kh2 Qh6+ 54.Kg1 Qc1+ 1/2-1/2

[Event "?"]
[Site "Bern op"]
[Date "1995.??.??"]
[Round "6"]
[White "Cvitan, Ognjen"]
[Black "Ellers, Holger"]
[Result "1-0"]
[WhiteElo "2520"]
[BlackElo "2355"]

1.d4 Nf6 2.Nf3 d5 3.c4 e6 4.Nc3 Bb4 5.cxd5 exd5 6.Bg5 Nbd7 7.e3 c5
8.Bd3 Qa5 9.O-O Bxc3 10.bxc3 c4 11.Bc2 Ne4 12.Bh4 O-O 13.Bxe4 dxe4
14.Nd2 Qd5 15.a4 Nb6 16.a5 Nd7 17.Qb1 Re8 18.Qb4 b5 19.axb6 Nxb6
20.Ra5 Qe6 21.Rfa1 Qg4 22.Bg3 Be6 23.h3 Qg6 24.Rxa7 Rxa7 25.Rxa7 Nd5
26.Qa5 h5 27.Nxc4 h4 28.Bxh4 Bxh3 29.Bg3 Be6 30.Nd2 Nxe3 31.Ra8 Bc8
32.Qc5 Qg4 33.fxe3 Qxg3 34.Nf1 Qg4 35.d5 Qf5 36.c4 Kh7 37.Qc7 Bd7
38.Rxe8 Bxe8 39.Ng3 Qg4 40.Qe5 Qd1+ 41.Kh2 1-0

[Event "?"]
[Site "Bern op"]
[Date "1995.??.??"]
[Round "6"]
[White "Dobosz, Henryk"]
[Black "Raeber, M"]
[Result "1-0"]
[WhiteElo "2420"]
[BlackElo "2100"]

1.d4 Nf6 2.c4 g6 3.Nc3 Bg7 4.e4 d6 5.h3 O-O 6.Bg5 c5 7.d5 b5 8.cxb5 a6
9.a4 Qa5 10.Bd2 Qb4 11.Bd3 c4 12.Bc2 Nfd7 13.Nge2 Ne5 14.O-O Nd3
15.Rb1 axb5 16.Nxb5 Qc5 17.b4 Qb6 18.Be3 Qb7 19.Ned4 Bd7 20.Bxd3 cxd3
21.Nc3 Rc8 22.Qxd3 Bxa4 23.b5 Nd7 24.Nxa4 Rxa4 25.Nc6 Ne5 26.Nxe5 Bxe5
27.Rfc1 Rxc1+ 28.Rxc1 Kg7 29.b6 f5 30.f4 Bxf4 31.Bxf4 Qxb6+ 32.Be3 Qb2
33.exf5 gxf5 34.Qxf5 Ra1 35.Qg4+ Kf7 36.Qe6+ 1-0

[Event "?"]
[Site "Bern op"]
[Date "1995.??.??"]
[Round "6"]
[White "Ekstroem, Roland"]
[Black "Kindermann, Stefan"]
[Result "0-1"]
[WhiteElo "2430"]
[BlackElo "2585"]

1.e4 e6 2.d4 d5 3.e5 c5 4.c3 Nc6 5.Nf3 Bd7 6.Be2 Nge7 7.Na3 cxd4
8.cxd4 Nf5 9.Nc2 Qb6 10.O-O Na5 11.g4 Ne7 12.Nh4 O-O-O 13.Kh1 Bb5
14.Bd2 Bxe2 15.Qxe2 Nc4 16.Bb4 Ng6 17.Bxf8 Rdxf8 18.Nxg6 hxg6 19.b3 Na5
20.f4 Nc6 21.Rad1 Rh4 22.f5 gxf5 23.gxf5 Rfh8 24.fxe6 fxe6 25.Rf7 Qd8
26.Rf2 Qg5 27.b4 Kb8 28.a4 Ne7 29.Rg1 Qh6 30.a5 Nf5 31.a6 Rh3
32.Rgg2 Rxh2+ 33.Rxh2 Ng3+ 34.Kg1 Nxe2+ 35.Rxe2 Qc1+ 36.Re1 Qg5+
37.Rg2 Qh4 38.axb7 g5 39.Ree2 Qh1+ 40.Kf2 Rf8+ 41.Ke3 Qc1+ 42.Rd2 g4 0-1

[Event "?"]
[Site "Bern op"]
[Date "1995.??.??"]
[Round "6"]
[White "Gallagher, Joe"]
[Black "Polak, Tomas"]
[Result "1-0"]
[WhiteElo "2515"]
[BlackElo "2420"]

1.e4 c6 2.d4 d5 3.e5 Bf5 4.Nf3 e6 5.Be2 Nd7 6.O-O Ne7 7.Nh4 Bg6 8.Nd2 c5
9.c3 cxd4 10.cxd4 Nc6 11.Nxg6 hxg6 12.Nf3 Be7 13.Bd2 O-O 14.Bd3 a6
15.g3 Qb6 16.Bc3 Rae8 17.Qd2 Qd8 18.Kg2 Nb6 19.b3 Ba3 20.Rad1 Qe7
21.Qf4 Nd7 22.Qg4 Rc8 23.Bd2 Rfe8 24.h4 Nf8 25.h5 1-0

[Event "?"]
[Site "Bern op"]
[Date "1995.??.??"]
[Round "6"]
[White "Miezis, Normunds"]
[Black "Jurek, Josef"]
[Result "1-0"]
[WhiteElo "2435"]
[BlackElo "2355"]

1.c4 Nf6 2.Nc3 c5 3.e4 Nc6 4.g3 g6 5.Bg2 Bg7 6.Nge2 O-O 7.a3 d6 8.d3 a6
9.Rb1 Rb8 10.b4 cxb4 11.axb4 b5 12.cxb5 axb5 13.O-O Bd7 14.d4 e5
15.dxe5 dxe5 16.Be3 Bg4 17.Bc5 Qxd1 18.Rfxd1 Bxe2 19.Nxe2 Rfd8
20.Rxd8+ Rxd8 21.Nc3 Bf8 22.f4 Nd7 23.Bxf8 Kxf8 24.Bf1 Nf6 25.Bxb5 Nd4
26.fxe5 Nxb5 27.Nxb5 Nxe4 28.Kg2 Rd2+ 29.Kf3 Ng5+ 30.Ke3 Rd5 31.Nd4 Rxe5+
32.Kd3 Re7 33.b5 Rd7 34.Kc4 Ne4 35.Rb2 Ke7 36.b6 Kd8 37.Nb3 Kc8
38.Na5 Nd6+ 39.Kb4 Nb7 40.Rc2+ Kd8 41.Nxb7+ Rxb7 42.Kb5 Re7 43.Ka6 Re1
44.b7 Ra1+ 45.Kb6 Rb1+ 46.Kc6 1-0

[Event "?"]
[Site "Bern op"]
[Date "1995.??.??"]
[Round "6"]
[White "Mukhametov, Eldar"]
[Black "Bagirov, Vladimir"]
[Result "0-1"]
[WhiteElo "2515"]
[BlackElo "2530"]

1.e4 Nf6 2.e5 Nd5 3.d4 d6 4.Nf3 dxe5 5.Nxe5 g6 6.Bc4 c6 7.O-O Bg7
8.Re1 O-O 9.c3 Be6 10.Nd2 Nd7 11.Nxd7 Qxd7 12.Ne4 b6 13.h3 Nc7 14.Bf1 h6
15.Bf4 Rfd8 16.Nd2 Nd5 17.Bg3 c5 18.Nb3 Qc8 19.Qe2 cxd4 20.Nxd4 Bd7
21.Qf3 e6 22.Rad1 a6 23.Bd3 Ra7 24.Bc2 b5 25.Bh4 Re8 26.Bb3 Nb6
27.Bf6 Nc4 28.Bxc4 Qxc4 29.Bxg7 Kxg7 30.Qe3 Qc7 31.Rd2 e5 32.Nf3 Bc8
33.Rd5 f6 34.a3 Qf7 35.Red1 Rae7 36.Rd8 Bb7 37.R1d2 Rxd8 38.Rxd8 Qa2
39.Rd2 Qb1+ 40.Kh2 Qf5 41.Rd6 Rf7 42.Ng1 h5 43.Nf3 g5 44.h4 Qg4
45.Ne1 Rd7 46.Rxd7+ Qxd7 47.Qc5 Kg6 48.Qe3 Qd5 49.Qd3+ Qxd3 50.Nxd3 a5
51.Nc5 Bc6 52.g3 f5 53.Kh3 0-1